000 01180nam a2200337 i 4500
003 EG-GICUC
005 20260211220047.0
008 260211s1985 ua ||||fr|||| 000 0 ara d
017 _a1985/3640
020 _a977-103-199-6
040 _a EG-GICUC
_bara
_c EG-GICUC
_d EG-GICUC
_erda
041 0 _aara
082 0 4 _221
_a343.7
_bع ب . ظ
092 0 4 _221
099 _aLaw 10 343.7 ع ب . ظ 1985
100 0 _aعبد الحميد الشواربي
_eمؤلف.
245 1 2 _aظروف الجريمة المشددة والمخففة للعقاب /
_bعبد الحميد الشواربي
264 1 _aالقاهرة :
_bدار المطبوعات الجامعية،
_c1985.
300 _a222 ؛ صفحة
_c24 سم.
336 _2rda content
_atext
337 _2rda media
_aComputer
338 _2rda carrier
_aOnline Resource
504 _a. 240-220 ببليوجرافيا: صفحات.
546 _aالنص باللغة العربية
650 1 4 _aعلم العقاب
_2qrmak
650 1 4 _aالقانون الجنائي
_2qrmak
651 1 _2qrmak
856 4 0 _uhttps://fll.law.cu.edu.eg/fulltext/bks/B10-08561.pdf
905 _a77
942 _2ddc
_n0
_cBK
_e21
999 _c62719
_d62719